00431nam a2200145Ia 4500020001800000082001600018245006100034260004500095300001400140650002200154650003700176650003400213650002200247700001600269 a0-19-567637-8 a302.23 MAK- 0aMaking news: handbook of the media in contemporary India aNew DelhibOxford University Pressc2006 axxii, 281 aMass mediazIndia aElectronic news gatheringzIndia aTelevision broadcatingzIndia aIndian newspapers aSahay, Uday